|
|
|
|
| LEADER |
01167nam a22003252i 4500 |
| 001 |
001534883 |
| 003 |
CZ BrMZK |
| 005 |
20161110142940.0 |
| 007 |
ta |
| 008 |
160713s1989 xr a er|||||||||||cze d |
| 015 |
|
|
|a cnb000821302
|
| 040 |
|
|
|a ABA001
|b cze
|d ABA001
|d BOA001
|e rda
|
| 080 |
9 |
|
|a 908.437.2-3 Čeladná(036)
|
| 080 |
9 |
|
|a 908.437.265
|
| 100 |
1 |
|
|a Bogar, Karel,
|d 1939-
|7 ola2004219943
|4 aut
|
| 245 |
1 |
0 |
|a Čtení o Čeladné :
|b vlastivědný průvodce partyzánskou obcí a okolím /
|c Karel Bogar, R. Žáček, J. Kovář ; ilustroval J. Homolka
|
| 264 |
|
1 |
|a Frýdek-Místek :
|b Okresní vlastivědné muzeum,
|c 1989
|
| 300 |
|
|
|a 39 stran :
|b ilustrace
|
| 336 |
|
|
|a text
|b txt
|2 rdacontent
|
| 337 |
|
|
|a bez média
|b n
|2 rdamedia
|
| 338 |
|
|
|a svazek
|b nc
|2 rdacarrier
|
| 490 |
1 |
|
|a Průvodce. Velká řada ;
|v číslo 10
|
| 700 |
1 |
|
|a Homolka, J.
|4 ill
|
| 700 |
1 |
|
|a Žáček, Rudolf,
|d 1948-2026
|7 mzk2004232072
|4 aut
|
| 700 |
1 |
|
|a Kovář, J.
|4 aut
|
| 830 |
|
0 |
|a Průvodce.
|p Velká řada
|
| 910 |
|
|
|a BOA001
|b X-0947.192
|
| 990 |
|
|
|a BK
|
| 991 |
|
|
|b 201605
|
| 996 |
6 |
|
|b 2619165721
|c X-0947.192
|l MZK
|r Sklad / do 24 hodin
|n 0
|w 001569718
|u 000010
|a 1
|e BOA001
|j MZK50
|s P
|